00413cam a22001931 4500001000800000005001700008008004100025010001700066035001800083040001800101041000800119042001200127080001000139082001000149100000700159101000800166245001400174504003100188947956120180314094624.0740830s1973 xx 000 0 ita  a 74301190  a(OCoLC)994183 aDLCcNICdDLC aeng apremarc a7 BRU a7 BRU1 a44 aART00aBramante. aBibliography: p. 349-[362]